<?xml version="1.0" encoding="UTF-8"?>
<record
    xmlns:xsi="http://www.w3.org/2001/XMLSchema-instance"
    xsi:schemaLocation="http://www.loc.gov/MARC21/slim http://www.loc.gov/standards/marcxml/schema/MARC21slim.xsd"
    xmlns="http://www.loc.gov/MARC21/slim">

  <leader>01010cam a2200241 a 4500</leader>
  <datafield tag="999" ind1=" " ind2=" ">
    <subfield code="c">57914</subfield>
    <subfield code="d">57914</subfield>
  </datafield>
  <controlfield tag="001">15951495</controlfield>
  <controlfield tag="005">20221107154357.0</controlfield>
  <controlfield tag="008">091019s2010    nyua     b    001 0 eng  </controlfield>
  <datafield tag="020" ind1=" " ind2=" ">
    <subfield code="a">9780891288831 (pbk. : alk. paper)</subfield>
  </datafield>
  <datafield tag="041" ind1=" " ind2=" ">
    <subfield code="a">eng</subfield>
  </datafield>
  <datafield tag="080" ind1=" " ind2=" ">
    <subfield code="a">617.7 F-81</subfield>
  </datafield>
  <datafield tag="245" ind1="0" ind2="0">
    <subfield code="a">Foundations of low vision :</subfield>
    <subfield code="b">clinical and functional perspectives /</subfield>
    <subfield code="c">Anne L. Corn and Jane N. Erin, editors.</subfield>
  </datafield>
  <datafield tag="250" ind1=" " ind2=" ">
    <subfield code="a">2nd ed.</subfield>
  </datafield>
  <datafield tag="264" ind1=" " ind2=" ">
    <subfield code="a">New York :</subfield>
    <subfield code="b">AFB Press,</subfield>
    <subfield code="c">2010.</subfield>
  </datafield>
  <datafield tag="300" ind1=" " ind2=" ">
    <subfield code="a">965 p. :</subfield>
    <subfield code="b">ill. ;</subfield>
    <subfield code="c">26 cm.</subfield>
  </datafield>
  <datafield tag="653" ind1=" " ind2=" ">
    <subfield code="a">&#x10D3;&#x10D0;&#x10D1;&#x10D0;&#x10DA;&#x10D8; &#x10DB;&#x10EE;&#x10D4;&#x10D3;&#x10D5;&#x10D4;&#x10DA;&#x10DD;&#x10D1;&#x10D0;</subfield>
  </datafield>
  <datafield tag="653" ind1=" " ind2=" ">
    <subfield code="a">&#x10DB;&#x10D4;&#x10D3;&#x10D8;&#x10EA;&#x10D8;&#x10DC;&#x10D0;</subfield>
  </datafield>
  <datafield tag="700" ind1="1" ind2=" ">
    <subfield code="a">Corn, Anne Lesley.</subfield>
    <subfield code="e">&#x10E0;&#x10D4;&#x10D3;&#x10D0;&#x10E5;&#x10E2;&#x10DD;&#x10E0;&#x10D8;</subfield>
    <subfield code="9">10926</subfield>
  </datafield>
  <datafield tag="700" ind1="1" ind2=" ">
    <subfield code="a">Erin, Jane N.</subfield>
    <subfield code="e">&#x10E0;&#x10D4;&#x10D3;&#x10D0;&#x10E5;&#x10E2;&#x10DD;&#x10E0;&#x10D8;</subfield>
    <subfield code="9">10927</subfield>
  </datafield>
  <datafield tag="856" ind1=" " ind2=" ">
    <subfield code="u">https://books.google.ge/books?id=ro2mWxFgY5AC&amp;source=gbs_ViewAPI&amp;redir_esc=y</subfield>
    <subfield code="y">&#x10D4;&#x10DA;.&#x10D5;&#x10D4;&#x10E0;&#x10E1;&#x10D8;&#x10D0;</subfield>
  </datafield>
  <datafield tag="942" ind1=" " ind2=" ">
    <subfield code="2">udc</subfield>
    <subfield code="c">BK</subfield>
  </datafield>
  <datafield tag="955" ind1=" " ind2=" ">
    <subfield code="b">re07 2009-10-19</subfield>
    <subfield code="i">re07 2009-10-19 to Dewey</subfield>
    <subfield code="a">xe07 2010-06-25 1 copy rec'd., to CIP ver.</subfield>
    <subfield code="a">xh00 2010-06-28 to USPL/STM</subfield>
  </datafield>
  <datafield tag="952" ind1=" " ind2=" ">
    <subfield code="0">0</subfield>
    <subfield code="1">0</subfield>
    <subfield code="2">udc</subfield>
    <subfield code="4">0</subfield>
    <subfield code="6">6177_F81</subfield>
    <subfield code="7">0</subfield>
    <subfield code="9">90022</subfield>
    <subfield code="a">CPL</subfield>
    <subfield code="b">CPL</subfield>
    <subfield code="c">GEN</subfield>
    <subfield code="d">2021-03-31</subfield>
    <subfield code="g">376.00</subfield>
    <subfield code="o">617.7 F-81</subfield>
    <subfield code="p">61293</subfield>
    <subfield code="r">2021-03-31</subfield>
    <subfield code="t">61293</subfield>
    <subfield code="w">2021-03-31</subfield>
    <subfield code="y">BK</subfield>
    <subfield code="z">376 &#x10DA;.</subfield>
  </datafield>
</record>
